| 000 | 00469nam a22001817a 4500 | ||
|---|---|---|---|
| 003 | CEME | ||
| 005 | 20210628203224.0 | ||
| 008 | 210301b xxu||||| |||| 00| 0 eng d | ||
| 020 | _a04-797000-30 | ||
| 040 | _c. | ||
| 082 | _a620.118 CPM | ||
| 100 |
_aBrowning, C.E _940895 |
||
| 245 | _aComposite materials, quality assurance and processing | ||
| 260 |
_aUSA _bASTM _c1983 |
||
| 300 | _a177P | ||
| 650 |
_aCOMPOSITE MATERIALS-PROCESSING _964087 |
||
| 942 |
_cBK _2ddc |
||
| 999 |
_c572714 _d572714 |
||